Lingüística y filosofía. Ensayo sobre las constantes filosóficas del lenguaje.

Na minha lista:
Detalhes bibliográficos
Autor principal: Gilson, Étienne (autor)
Outros Autores: Béjar Hurtado, Francisco (versión española)
Formato: Livro
Idioma:espanhol
Publicado em: Madrid, España: Gredos, 1974.
coleção:Biblioteca hispánica de filosofía, 83.
Assuntos:
Tags: Adicionar Tag
Sem tags, seja o primeiro a adicionar uma tag!

MARC

LEADER 00000nam a2200000 a 4500
001 UCZ0051
003 CL-VaPUC
005 20230607115259.0
008 950724e19740000SP |||||||||||||||||spa|d
999 |c 237025  |d 237023 
020 |a 84-249-2219-0 
040 |c Pontificia Universidad Católica de Valparaíso 
082 0 4 |a 401 GIL 1974   |2 21 
100 |a Gilson, Étienne  |e autor  |9 349171 
245 1 0 |a Lingüística y filosofía.   |b Ensayo sobre las constantes filosóficas del lenguaje.  
260 |a Madrid, España:   |b Gredos,   |c 1974.  
300 |a 334 páginas.  
490 0 |a Biblioteca hispánica de filosofía, 83.  
500 |a c.4 Donación Familia Prof. Alejandro Guzmán Brito.  
583 |a last modification  |c 19950724 00:00:00  |k Rodrigo Vera 
650 0 |a Lingüística  |9 265068 
650 0 |a Filosofía   |9 223554 
650 0 |a Teoría lingüística   |2 CL-VaPUC  |9 493548 
650 0 |a Filología   |9 321245 
700 |a Béjar Hurtado, Francisco  |e versión española   |9 865262 
942 |c BK  |2 ddc  |n 0 
945 |d 19950724 00:00:00  |a cmena 
952 |0 0  |1 0  |4 0  |6 401_000000000000000_GIL_1974  |7 0  |8 P  |9 245684  |a BIBEDU  |b BIBEDU  |c BIBEDU_PB  |d 2019-11-18  |i 1542095  |o 401 GIL 1974  |p 1542095  |r 2024-01-25  |w 2019-11-18  |y BK  |k EDU 
952 |0 0  |1 0  |4 0  |6 401_000000000000000_GIL_1974  |7 0  |8 P  |9 245685  |a BIBEDU  |b BIBEDU  |c BIBEDU_PB  |d 2019-11-18  |i 158653K  |o 401 GIL 1974  |p 158653K  |r 2024-01-25  |w 2019-11-18  |y BK  |k FIL 
952 |0 0  |1 0  |4 0  |6 401_000000000000000_GIL_1974  |7 0  |8 A  |9 245686  |a FDOPOS  |b FDOPOS  |d 2019-11-18  |i 4273656  |o 401 GIL 1974  |p 4273656  |r 2025-01-22  |w 2019-11-18  |y BK  |k MLA 
952 |0 0  |1 0  |2 ddc  |4 0  |6 401_000000000000000_GIL_1974  |7 1  |8 C_AGB  |9 579558  |a BIBDER  |b BIBDER  |d 2021-12-14  |e Donación   |i 5628830  |o 401 GIL 1974  |p 5628830  |r 2023-01-25  |t 4  |w 2021-12-14  |y BK_US  |k AGB